000
00211 a2200097 4500
001
17383
100
_a
Gordon T
245
_a
L.E.T leader effectiveness training
260
_a
_b
F.P.L
_c
090
_c
12843
_d
12843
942
_a
NUST-CAE
_c
M
_c
3162
999
_c
252456
_d
252456